000 00539nam a22001817a 4500
003 UA-OsUOA
001 25544
007 ta
008 20040414b un ||||| |||| 00| 0 ukr d
100 _aВербицька Г. Л.
942 _cSA
040 _aUA-OsUOA
_cUA-OsUOA
_dUA-OsUOA
245 _a**NOT VALID RECORD 994426**Управління економічним ризиком
300 _aС.34-41
955 _a0
773 0 _w0
_tФінанси України
_dКиїв
_d2004
_g№4
650 7 _aРизик економічний
_2UDC
999 _c311842
_d311842